[Event "DVM U20 2021"]
[Site "Kiel GER"]
[Date "2022.07.25"]
[Round "5"]
[White "Sowka, Patrick"]
[Black "Kravtsov, Maksim"]
[Result "0-1"]
[Termination "normal"]
[Board "3.5"]
[WhiteElo "1598"]
[BlackElo "1856"]
[WhiteClock "00:01:16"]
[BlackClock "00:39:26"]
[WhiteTeam "FC Ergolding 1932 e.V."]
[BlackTeam "Karlsruher SF 1853"]
[PlyCount "63"]
[WhiteFideId "16234944"]
[BlackFideId "54173868"]
[EventCountry "GER"]
[EventRounds "7"]
[EventType "team-swiss"]
[EventDate "2022.07.22"]

1. e4 {[%clk 01:30:57]} {[%emt 00:00:03]} e6 {[%clk 01:31:00]} 2. d4 {[%clk
01:31:14]} {[%emt 00:00:12]} d5 {[%clk 01:31:29]} 3. Nc3 {[%clk 01:30:45]}
{[%emt 00:00:59]} Nf6 {[%clk 01:31:53]} {[%emt 00:00:07]} 4. Bg5 {[%clk
01:27:02]} {[%emt 00:04:13]} Be7 {[%clk 01:32:22]} {[%emt 00:00:01]} 5. e5
{[%clk 01:26:48]} {[%emt 00:00:44]} Nfd7 {[%clk 01:32:51]} {[%emt 00:00:01]} 6.
Bxe7 {[%clk 01:26:26]} {[%emt 00:00:52]} Qxe7 {[%clk 01:33:19]} {[%emt
00:00:02]} 7. Nf3 {[%clk 01:25:25]} {[%emt 00:01:30]} a6 {[%clk 01:33:32]}
{[%emt 00:00:18]} 8. Bd3 {[%clk 01:24:03]} {[%emt 00:01:51]} c5 {[%clk
01:33:29]} {[%emt 00:00:34]} 9. dxc5 {[%clk 01:23:02]} {[%emt 00:01:30]} Nxc5
{[%clk 01:32:29]} {[%emt 00:01:31]} 10. O-O {[%clk 01:16:45]} {[%emt 00:06:46]}
Nc6 {[%clk 01:32:10]} {[%emt 00:00:49]} 11. a3 {[%clk 01:15:14]} {[%emt
00:02:02]} Nd7 {[%clk 01:30:08]} {[%emt 00:02:32]} 12. Qe2 {[%clk 01:03:15]}
{[%emt 00:12:29]} O-O {[%clk 01:25:28]} {[%emt 00:05:09]} 13. h4 {[%clk
00:55:25]} {[%emt 00:08:20]} f6 {[%clk 01:23:53]} {[%emt 00:02:06]} 14. exf6
{[%clk 00:52:53]} {[%emt 00:03:02]} Nxf6 {[%clk 01:23:10]} {[%emt 00:01:13]}
15. Rfe1 {[%clk 00:48:09]} {[%emt 00:05:13]} h6 {[%clk 01:21:51]} {[%emt
00:01:50]} 16. Bg6 {[%clk 00:42:30]} {[%emt 00:06:08]} Qd6 {[%clk 01:10:58]}
{[%emt 00:11:23]} 17. Rad1 {[%clk 00:36:32]} {[%emt 00:06:28]} Ng4 {[%clk
01:09:59]} {[%emt 00:01:30]} 18. Bh5 {[%clk 00:19:07]} {[%emt 00:17:54]} Nf6
{[%clk 01:09:18]} {[%emt 00:01:11]} 19. Bg6 {[%clk 00:19:27]} {[%emt 00:00:10]}
Ng4 {[%clk 01:08:33]} {[%emt 00:01:15]} 20. Ne4 {[%clk 00:17:00]} {[%emt
00:02:57]} Qf4 {[%clk 01:04:58]} {[%emt 00:04:05]} 21. Ng3 {[%clk 00:10:13]}
{[%emt 00:07:17]} Qd6 {[%clk 00:51:23]} {[%emt 00:14:06]} 22. Bh5 {[%clk
00:07:51]} {[%emt 00:02:52]} Nf6 {[%clk 00:51:52]} 23. Nd4 {[%clk 00:08:20]}
{[%emt 00:00:01]} Nxd4 {[%clk 00:50:38]} {[%emt 00:01:43]} 24. Rxd4 {[%clk
00:08:49]} b5 {[%clk 00:48:05]} {[%emt 00:03:03]} 25. Bg4 {[%clk 00:06:25]}
{[%emt 00:02:54]} e5 {[%clk 00:45:57]} {[%emt 00:02:38]} 26. Bxc8 {[%clk
00:05:16]} {[%emt 00:01:39]} exd4 {[%clk 00:45:38]} {[%emt 00:00:50]} 27. Be6+
{[%clk 00:05:44]} {[%emt 00:00:01]} Kh8 {[%clk 00:43:07]} {[%emt 00:03:01]} 28.
Nf5 {[%clk 00:05:22]} {[%emt 00:00:52]} Qc7 {[%clk 00:40:12]} {[%emt 00:03:25]}
29. g4 {[%clk 00:02:18]} {[%emt 00:03:35]} Rae8 {[%clk 00:38:45]} {[%emt
00:01:57]} 30. g5 {[%clk 00:02:03]} {[%emt 00:00:45]} Ne4 {[%clk 00:39:14]}
{[%emt 00:00:01]} 31. Nxd4 {[%clk 00:00:46]} {[%emt 00:01:46]} Rxf2 {[%clk
00:39:26]} {[%emt 00:00:18]} 32. Qg4 {[%clk 00:01:16]} 0-1

[Event "DVM U20 2021"]
[Site "Kiel GER"]
[Date "2022.07.25"]
[Round "5"]
[White "Borodaev, Roman"]
[Black "Alexandrov, Dimitri"]
[Result "1/2-1/2"]
[Termination "normal"]
[Board "3.6"]
[WhiteElo "1605"]
[BlackElo "1785"]
[WhiteClock "00:18:09"]
[BlackClock "00:02:37"]
[WhiteTeam "Karlsruher SF 1853"]
[BlackTeam "FC Ergolding 1932 e.V."]
[PlyCount "132"]
[WhiteFideId "16274881"]
[BlackFideId "16249798"]
[EventCountry "GER"]
[EventRounds "7"]
[EventType "team-swiss"]
[EventDate "2022.07.22"]

1. e4 {[%clk 01:30:59]} {[%emt 00:00:02]} e5 {[%clk 01:30:50]} {[%emt
00:00:09]} 2. Nf3 {[%clk 01:31:26]} {[%emt 00:00:03]} Nc6 {[%clk 01:25:26]}
{[%emt 00:05:54]} 3. Bb5 {[%clk 01:31:48]} {[%emt 00:00:09]} a6 {[%clk
01:25:34]} {[%emt 00:00:21]} 4. Ba4 {[%clk 01:32:13]} {[%emt 00:00:05]} Nf6
{[%clk 01:25:30]} {[%emt 00:00:34]} 5. O-O {[%clk 01:32:27]} {[%emt 00:00:17]}
Be7 {[%clk 01:25:06]} {[%emt 00:00:54]} 6. Re1 {[%clk 01:32:49]} {[%emt
00:00:07]} b5 {[%clk 01:25:14]} {[%emt 00:00:21]} 7. Bb3 {[%clk 01:33:16]}
{[%emt 00:00:04]} O-O {[%clk 01:25:25]} {[%emt 00:00:19]} 8. c3 {[%clk
01:33:42]} {[%emt 00:00:04]} d5 {[%clk 01:23:57]} {[%emt 00:01:58]} 9. exd5
{[%clk 01:34:08]} {[%emt 00:00:04]} Nxd5 {[%clk 01:23:36]} {[%emt 00:00:51]}
10. Nxe5 {[%clk 01:34:34]} {[%emt 00:00:04]} Nxe5 {[%clk 01:23:20]} {[%emt
00:00:46]} 11. Rxe5 {[%clk 01:35:00]} {[%emt 00:00:04]} c6 {[%clk 01:23:23]}
{[%emt 00:00:27]} 12. Re1 {[%clk 01:35:29]} {[%emt 00:00:01]} Bd6 {[%clk
01:00:27]} {[%emt 00:23:26]} 13. d4 {[%clk 01:35:55]} {[%emt 00:00:04]} Qh4
{[%clk 01:00:19]} {[%emt 00:00:38]} 14. g3 {[%clk 01:36:22]} {[%emt 00:00:03]}
Qh3 {[%clk 00:59:18]} {[%emt 00:01:32]} 15. Bxd5 {[%clk 01:34:59]} {[%emt
00:01:52]} cxd5 {[%clk 00:59:15]} {[%emt 00:00:33]} 16. Qf3 {[%clk 01:35:26]}
{[%emt 00:00:03]} Bg4 {[%clk 00:57:12]} {[%emt 00:02:32]} 17. Qxd5 {[%clk
01:34:26]} {[%emt 00:01:30]} Rae8 {[%clk 00:56:08]} {[%emt 00:01:35]} 18. Be3
{[%clk 01:29:55]} {[%emt 00:05:01]} Bf4 {[%clk 00:37:13]} {[%emt 00:19:25]} 19.
Nd2 {[%clk 01:25:42]} {[%emt 00:04:43]} Bb8 {[%clk 00:27:43]} {[%emt 00:09:59]}
20. Qg2 {[%emt 00:23:49]} Qh5 {[%clk 00:27:31]} {[%emt 00:00:40]} 21. f4 {[%emt
00:05:17]} Re6 {[%clk 00:25:16]} 22. Nf1 {[%clk 00:41:26]} {[%emt 00:19:28]}
Bf3 {[%clk 00:19:13]} {[%emt 00:06:33]} 23. Qf2 {[%clk 00:40:24]} {[%emt
00:01:32]} f5 {[%clk 00:18:22]} {[%emt 00:01:22]} 24. Bd2 {[%clk 00:37:22]}
{[%emt 00:03:31]} Be4 {[%clk 00:16:43]} {[%emt 00:02:08]} 25. Re2 {[%clk
00:35:05]} {[%emt 00:02:48]} Rh6 {[%clk 00:13:48]} {[%emt 00:03:24]} 26. Rae1
{[%clk 00:34:51]} {[%emt 00:00:44]} Bd6 {[%clk 00:13:11]} {[%emt 00:01:07]} 27.
b3 {[%clk 00:30:44]} {[%emt 00:04:38]} Qh3 {[%clk 00:08:58]} {[%emt 00:04:43]}
28. Bc1 {[%clk 00:22:08]} {[%emt 00:09:05]} Rff6 {[%clk 00:06:34]} {[%emt
00:02:54]} 29. a4 {[%clk 00:13:50]} {[%emt 00:08:48]} Kf7 {[%clk 00:03:15]}
{[%emt 00:03:49]} 30. axb5 {[%clk 00:14:01]} {[%emt 00:00:20]} axb5 {[%clk
00:02:26]} {[%emt 00:01:18]} 31. Ra2 {[%clk 00:14:08]} {[%emt 00:00:23]} Rh5
{[%clk 00:00:32]} {[%emt 00:02:25]} 32. Qe2 {[%clk 00:11:15]} {[%emt 00:03:22]}
Kg6 {[%clk 00:00:42]} {[%emt 00:00:21]} 33. Qxb5 {[%clk 00:11:19]} {[%emt
00:00:26]} Kh6 {[%clk 00:00:34]} {[%emt 00:00:38]} 34. Qe2 {[%clk 00:10:59]}
{[%emt 00:00:50]} Rg6 {[%clk 00:00:32]} {[%emt 00:00:32]} 35. c4 {[%clk
00:09:39]} {[%emt 00:01:50]} Be7 {[%clk 00:00:33]} {[%emt 00:00:28]} 36. c5
{[%clk 00:08:07]} {[%emt 00:02:03]} Bh4 {[%clk 00:00:42]} {[%emt 00:00:21]} 37.
Ra6 {[%clk 00:08:29]} {[%emt 00:00:07]} Rxa6 {[%clk 00:00:33]} {[%emt
00:00:40]} 38. Qxa6+ {[%clk 00:08:55]} {[%emt 00:00:04]} Bf6 {[%clk 00:00:34]}
{[%emt 00:00:28]} 39. Qe2 {[%clk 00:07:35]} {[%emt 00:01:50]} Bxd4+ {[%clk
00:00:39]} {[%emt 00:00:26]} 40. Be3 {[%clk 00:08:00]} {[%emt 00:00:05]} Bc3
{[%clk 00:00:32]} {[%emt 00:00:36]} 41. Rc1 {[%clk 00:08:17]} {[%emt 00:00:14]}
Ba5 {[%clk 00:22:17]} {[%emt 00:08:45]} 42. c6 {[%clk 00:38:07]} {[%emt
00:00:39]} Bc7 {[%clk 00:21:35]} {[%emt 00:01:12]} 43. b4 {[%clk 00:37:15]}
{[%emt 00:01:23]} g5 {[%clk 00:19:57]} {[%emt 00:02:08]} 44. fxg5+ {[%clk
00:29:57]} {[%emt 00:07:48]} Kg6 {[%clk 00:19:20]} {[%emt 00:01:06]} 45. Qf2
{[%clk 00:29:35]} {[%emt 00:00:53]} f4 {[%clk 00:16:04]} {[%emt 00:03:45]} 46.
Bxf4 {[%clk 00:29:35]} {[%emt 00:00:30]} Bxf4 {[%clk 00:13:03]} {[%emt
00:03:32]} 47. gxf4 {[%clk 00:29:57]} {[%emt 00:00:08]} Rh4 {[%clk 00:12:31]}
{[%emt 00:01:02]} 48. Ne3 {[%clk 00:24:48]} {[%emt 00:05:39]} Bg2 {[%clk
00:07:03]} {[%emt 00:05:57]} 49. Qg3 {[%clk 00:24:50]} {[%emt 00:00:29]} Qxg3
{[%clk 00:07:04]} {[%emt 00:00:29]} 50. hxg3 {[%clk 00:25:16]} {[%emt
00:00:04]} Rh1+ {[%clk 00:07:27]} {[%emt 00:00:07]} 51. Kxg2 {[%clk 00:25:43]}
{[%emt 00:00:03]} Rxc1 {[%clk 00:07:46]} {[%emt 00:00:10]} 52. Nd5 {[%clk
00:24:24]} {[%emt 00:01:49]} Kf5 {[%clk 00:07:42]} {[%emt 00:00:34]} 53. b5
{[%clk 00:23:04]} {[%emt 00:01:50]} Ke6 {[%clk 00:05:07]} {[%emt 00:03:05]} 54.
b6 {[%clk 00:22:40]} {[%emt 00:00:55]} Rxc6 {[%clk 00:05:19]} {[%emt 00:00:18]}
55. b7 {[%clk 00:23:07]} {[%emt 00:00:03]} Rc2+ {[%clk 00:05:09]} {[%emt
00:00:39]} 56. Kf3 {[%clk 00:22:42]} {[%emt 00:00:55]} Rb2 {[%clk 00:05:29]}
{[%emt 00:00:10]} 57. Nc7+ {[%clk 00:21:32]} {[%emt 00:01:41]} Kf7 {[%clk
00:04:42]} {[%emt 00:01:17]} 58. Kg4 {[%clk 00:18:55]} {[%emt 00:03:06]} Rxb7
{[%clk 00:04:48]} {[%emt 00:00:24]} 59. Nd5 {[%clk 00:19:24]} {[%emt 00:00:01]}
Rb1 {[%clk 00:04:01]} {[%emt 00:01:18]} 60. f5 {[%clk 00:19:18]} {[%emt
00:00:36]} Rd1 {[%clk 00:03:51]} {[%emt 00:00:40]} 61. Nf4 {[%clk 00:19:16]}
{[%emt 00:00:32]} Re1 {[%clk 00:03:44]} {[%emt 00:00:37]} 62. g6+ {[%clk
00:16:48]} {[%emt 00:02:58]} hxg6 {[%clk 00:03:58]} {[%emt 00:00:16]} 63. Nxg6
{[%clk 00:17:12]} {[%emt 00:00:06]} Kf6 {[%clk 00:04:16]} {[%emt 00:00:12]} 64.
Nh4 {[%clk 00:17:35]} {[%emt 00:00:07]} Re4+ {[%clk 00:04:01]} {[%emt
00:00:44]} 65. Kh5 {[%clk 00:17:56]} {[%emt 00:00:09]} Re3 {[%clk 00:02:46]}
{[%emt 00:01:45]} 66. g4 {[%clk 00:18:09]} {[%emt 00:00:18]} Rg3 {[%clk
00:02:37]} {[%emt 00:00:38]} 1/2-1/2

[Event "DVM U20 2021"]
[Site "Kiel GER"]
[Date "2022.07.25"]
[Round "5"]
[White "Stelmaszyk, Nico"]
[Black "Eurich, Jannik"]
[Result "1-0"]
[Termination "normal"]
[Board "4.1"]
[WhiteTitle "FM"]
[WhiteElo "2287"]
[BlackElo "1957"]
[WhiteClock "00:30:12"]
[BlackClock "00:26:54"]
[WhiteTeam "SK Lehrte von 1919 e. V."]
[BlackTeam "SK Langen"]
[PlyCount "65"]
[WhiteFideId "16200462"]
[BlackFideId "16265459"]
[EventCountry "GER"]
[EventRounds "7"]
[EventType "team-swiss"]
[EventDate "2022.07.22"]

1. e4 {[%clk 01:30:58]} {[%emt 00:00:02]} c5 {[%clk 01:30:56]} {[%emt
00:00:04]} 2. c3 {[%clk 01:31:17]} {[%emt 00:00:10]} d5 {[%clk 01:31:20]}
{[%emt 00:00:06]} 3. exd5 {[%clk 01:31:43]} {[%emt 00:00:05]} Nf6 {[%clk
01:31:45]} {[%emt 00:00:04]} 4. Qa4+ {[%clk 01:31:21]} {[%emt 00:00:52]} Bd7
{[%clk 01:25:33]} {[%emt 00:06:42]} 5. Qb3 {[%clk 01:31:43]} {[%emt 00:00:08]}
Qc8 {[%clk 01:20:28]} {[%emt 00:05:36]} 6. Nf3 {[%clk 01:26:51]} {[%emt
00:05:20]} e6 {[%clk 01:15:58]} {[%emt 00:05:01]} 7. dxe6 {[%clk 01:26:13]}
{[%emt 00:01:08]} Bxe6 {[%clk 01:16:20]} {[%emt 00:00:09]} 8. Bc4 {[%clk
01:26:18]} {[%emt 00:00:25]} Bxc4 {[%clk 01:16:01]} {[%emt 00:00:49]} 9. Qxc4
{[%clk 01:26:34]} {[%emt 00:00:13]} Be7 {[%clk 01:15:55]} {[%emt 00:00:36]} 10.
O-O {[%clk 01:23:11]} {[%emt 00:03:52]} O-O {[%clk 01:14:09]} {[%emt 00:02:17]}
11. d4 {[%clk 01:21:39]} {[%emt 00:02:02]} Nbd7 {[%clk 01:11:26]} {[%emt
00:03:13]} 12. Re1 {[%clk 01:20:30]} {[%emt 00:01:39]} Re8 {[%clk 01:08:01]}
{[%emt 00:03:56]} 13. Bg5 {[%clk 01:08:23]} {[%emt 00:12:36]} h6 {[%clk
01:00:46]} {[%emt 00:07:46]} 14. Bh4 {[%clk 01:04:09]} {[%emt 00:04:43]} b5
{[%clk 00:55:58]} {[%emt 00:05:18]} 15. Qd3 {[%clk 00:59:07]} {[%emt 00:05:31]}
Qb7 {[%clk 00:51:22]} {[%emt 00:05:08]} 16. Nbd2 {[%clk 00:56:22]} {[%emt
00:03:14]} Rad8 {[%clk 00:49:50]} {[%emt 00:02:02]} 17. Re2 {[%clk 00:49:16]}
{[%emt 00:07:36]} Nd5 {[%clk 00:44:08]} {[%emt 00:06:12]} 18. Bxe7 {[%clk
00:43:33]} {[%emt 00:06:13]} Nf4 {[%clk 00:43:33]} {[%emt 00:01:06]} 19. Bxd8
{[%clk 00:43:52]} {[%emt 00:00:10]} Nxd3 {[%clk 00:35:56]} {[%emt 00:08:08]}
20. Rxe8+ {[%clk 00:44:12]} {[%emt 00:00:10]} Kh7 {[%clk 00:36:19]} {[%emt
00:00:06]} 21. Rb1 {[%clk 00:43:51]} {[%emt 00:00:51]} Qd5 {[%clk 00:34:05]}
{[%emt 00:02:45]} 22. a3 {[%clk 00:37:33]} {[%emt 00:06:48]} Qf5 {[%clk
00:31:56]} {[%emt 00:02:39]} 23. Bh4 {[%clk 00:33:33]} {[%emt 00:04:29]} g5
{[%clk 00:29:01]} {[%emt 00:03:25]} 24. Bg3 {[%clk 00:33:33]} {[%emt 00:00:29]}
h5 {[%clk 00:28:28]} {[%emt 00:01:04]} 25. h4 {[%clk 00:31:02]} {[%emt
00:03:01]} f6 {[%clk 00:28:32]} {[%emt 00:00:27]} 26. Ne4 {[%clk 00:29:24]}
{[%emt 00:02:07]} g4 {[%clk 00:27:12]} {[%emt 00:01:50]} 27. Ne1 {[%clk
00:28:22]} {[%emt 00:01:31]} N3e5 {[%clk 00:25:50]} {[%emt 00:01:53]} 28. dxe5
{[%clk 00:28:46]} {[%emt 00:00:06]} Qxe4 {[%clk 00:26:11]} {[%emt 00:00:09]}
29. Rd1 {[%clk 00:29:04]} {[%emt 00:00:12]} Nxe5 {[%clk 00:25:57]} {[%emt
00:00:44]} 30. Bxe5 {[%clk 00:29:23]} {[%emt 00:00:11]} fxe5 {[%clk 00:26:20]}
{[%emt 00:00:07]} 31. Re7+ {[%clk 00:29:47]} {[%emt 00:00:06]} Kg6 {[%clk
00:26:30]} {[%emt 00:00:20]} 32. Rd6+ {[%clk 00:30:12]} {[%emt 00:00:05]} Kf5
{[%clk 00:26:54]} {[%emt 00:00:06]} 33. Rf7# {[%emt 00:00:05]} 1-0

[Event "DVM U20 2021"]
[Site "Kiel GER"]
[Date "2022.07.25"]
[Round "5"]
[White "Renk, Jonas"]
[Black "Meiwes, Thore"]
[Result "1/2-1/2"]
[Termination "normal"]
[Board "4.2"]
[WhiteElo "1897"]
[BlackElo "2105"]
[WhiteClock "00:09:34"]
[BlackClock "00:13:50"]
[WhiteTeam "SK Langen"]
[BlackTeam "SK Lehrte von 1919 e. V."]
[PlyCount "64"]
[WhiteFideId "16209460"]
[BlackFideId "16201256"]
[EventCountry "GER"]
[EventRounds "7"]
[EventType "team-swiss"]
[EventDate "2022.07.22"]

1. e4 {[%clk 01:30:55]} {[%emt 00:00:04]} c6 {[%clk 01:29:44]} {[%emt
00:01:16]} 2. d4 {[%clk 01:31:12]} {[%emt 00:00:14]} d5 {[%clk 01:30:07]}
{[%emt 00:00:06]} 3. f3 {[%clk 01:31:29]} {[%emt 00:00:13]} g6 {[%clk
01:30:14]} {[%emt 00:00:23]} 4. Nc3 {[%clk 01:31:26]} {[%emt 00:00:33]} Bg7
{[%clk 01:29:52]} {[%emt 00:00:52]} 5. Be3 {[%clk 01:31:01]} {[%emt 00:00:55]}
Qb6 {[%clk 01:25:57]} {[%emt 00:04:25]} 6. exd5 {[%clk 01:27:12]} {[%emt
00:04:19]} Qxb2 {[%clk 01:25:55]} {[%emt 00:00:31]} 7. Nge2 {[%clk 01:27:18]}
{[%emt 00:00:24]} Nf6 {[%clk 01:22:38]} {[%emt 00:03:49]} 8. dxc6 {[%clk
01:24:01]} {[%emt 00:03:47]} bxc6 {[%clk 01:21:07]} {[%emt 00:02:01]} 9. Rb1
{[%clk 01:23:15]} {[%emt 00:01:16]} Qa3 {[%clk 01:21:26]} {[%emt 00:00:10]} 10.
Qd2 {[%clk 01:21:52]} {[%emt 00:01:53]} Ba6 {[%clk 01:16:30]} {[%emt 00:05:27]}
11. Nc1 {[%clk 01:19:37]} {[%emt 00:02:44]} Bxf1 {[%clk 01:14:58]} {[%emt
00:02:02]} 12. Rxf1 {[%clk 01:19:57]} {[%emt 00:00:10]} O-O {[%clk 01:13:22]}
{[%emt 00:02:05]} 13. Kf2 {[%clk 01:15:33]} {[%emt 00:04:55]} Nbd7 {[%clk
01:10:03]} {[%emt 00:03:49]} 14. Kg1 {[%clk 01:13:11]} {[%emt 00:02:53]} Nb6
{[%clk 01:08:43]} {[%emt 00:01:49]} 15. Rb3 {[%clk 01:11:18]} {[%emt 00:02:23]}
Qa5 {[%clk 01:04:06]} {[%emt 00:05:07]} 16. Qe2 {[%clk 01:04:06]} {[%emt
00:07:43]} Nfd5 {[%clk 01:02:07]} {[%emt 00:02:29]} 17. Nxd5 {[%clk 00:58:19]}
{[%emt 00:06:17]} cxd5 {[%clk 01:00:14]} {[%emt 00:02:22]} 18. c3 {[%clk
00:54:32]} {[%emt 00:04:17]} Rac8 {[%clk 00:59:23]} {[%emt 00:01:21]} 19. Nd3
{[%clk 00:49:59]} {[%emt 00:05:03]} Na4 {[%clk 00:55:36]} {[%emt 00:04:17]} 20.
Rc1 {[%clk 00:42:50]} {[%emt 00:07:38]} Rc4 {[%clk 00:48:27]} {[%emt 00:07:39]}
21. Ne5 {[%clk 00:36:44]} {[%emt 00:06:37]} Bxe5 {[%clk 00:47:10]} {[%emt
00:01:47]} 22. dxe5 {[%clk 00:35:47]} {[%emt 00:01:28]} Qc7 {[%clk 00:47:13]}
{[%emt 00:00:26]} 23. Qd2 {[%clk 00:31:42]} {[%emt 00:04:35]} Qxe5 {[%clk
00:45:27]} {[%emt 00:02:16]} 24. Bd4 {[%clk 00:29:12]} {[%emt 00:02:59]} Qc7
{[%clk 00:43:41]} {[%emt 00:02:17]} 25. Re1 {[%clk 00:20:19]} {[%emt 00:09:23]}
Nc5 {[%clk 00:39:54]} {[%emt 00:04:17]} 26. Rbb1 {[%clk 00:15:58]} {[%emt
00:04:51]} Ne6 {[%emt 00:01:17]} 27. Rxe6 {[%clk 00:14:29]} {[%emt 00:01:20]}
fxe6 {[%clk 00:39:09]} {[%emt 00:01:08]} 28. Qe3 {[%clk 00:14:23]} {[%emt
00:00:36]} Qd6 {[%clk 00:29:58]} {[%emt 00:09:40]} 29. Be5 {[%clk 00:12:15]}
{[%emt 00:02:38]} Qc5 {[%clk 00:30:03]} {[%emt 00:00:24]} 30. Bd4 {[%clk
00:11:13]} {[%emt 00:01:33]} Qd6 {[%clk 00:28:31]} {[%emt 00:02:01]} 31. h4
{[%clk 00:09:15]} {[%emt 00:02:29]} Rxd4 {[%clk 00:25:13]} {[%emt 00:03:48]}
32. cxd4 {[%clk 00:09:34]} {[%emt 00:00:11]} Rd8 {[%clk 00:13:50]} {[%emt
00:11:53]} 1/2-1/2

[Event "DVM U20 2021"]
[Site "Kiel GER"]
[Date "2022.07.25"]
[Round "5"]
[White "Dornieden, Jonas"]
[Black "Buchholz, Maja"]
[Result "1-0"]
[Termination "normal"]
[Board "4.3"]
[WhiteElo "2044"]
[BlackElo "1879"]
[WhiteClock "00:12:17"]
[BlackClock "00:11:57"]
[WhiteTeam "SK Lehrte von 1919 e. V."]
[BlackTeam "SK Langen"]
[PlyCount "95"]
[WhiteFideId "1336460"]
[BlackFideId "16200500"]
[EventCountry "GER"]
[EventRounds "7"]
[EventType "team-swiss"]
[EventDate "2022.07.22"]

1. e4 {[%clk 01:30:57]} {[%emt 00:00:02]} c5 {[%clk 01:30:55]} {[%emt
00:00:05]} 2. c3 {[%clk 01:31:20]} {[%emt 00:00:08]} d5 {[%clk 01:31:17]}
{[%emt 00:00:08]} 3. exd5 {[%clk 01:31:44]} {[%emt 00:00:06]} Qxd5 {[%clk
01:31:42]} {[%emt 00:00:05]} 4. d4 {[%clk 01:32:06]} {[%emt 00:00:07]} Nc6
{[%clk 01:32:03]} {[%emt 00:00:09]} 5. Nf3 {[%clk 01:32:29]} {[%emt 00:00:07]}
Bf5 {[%clk 01:32:15]} {[%emt 00:00:18]} 6. Be2 {[%clk 01:32:16]} {[%emt
00:00:43]} Nf6 {[%clk 01:30:24]} {[%emt 00:02:22]} 7. Be3 {[%clk 01:25:51]}
{[%emt 00:06:54]} Ng4 {[%clk 01:28:12]} {[%emt 00:02:42]} 8. Nbd2 {[%clk
01:08:32]} {[%emt 00:17:50]} cxd4 {[%clk 01:24:36]} {[%emt 00:04:06]} 9. cxd4
{[%clk 01:06:12]} {[%emt 00:02:49]} e6 {[%clk 01:17:14]} {[%emt 00:07:52]} 10.
O-O {[%clk 01:01:38]} {[%emt 00:05:04]} Bd6 {[%clk 01:14:44]} {[%emt 00:03:00]}
11. Bc4 {[%clk 00:59:07]} {[%emt 00:03:01]} Qa5 {[%clk 01:14:42]} {[%emt
00:00:32]} 12. h3 {[%clk 00:56:30]} {[%emt 00:03:07]} Nxe3 {[%clk 01:13:10]}
{[%emt 00:02:02]} 13. fxe3 {[%clk 00:56:55]} {[%emt 00:00:06]} O-O {[%clk
01:13:00]} {[%emt 00:00:39]} 14. Nh4 {[%clk 00:46:13]} {[%emt 00:11:11]} Bg6
{[%clk 00:59:59]} {[%emt 00:13:32]} 15. Nxg6 {[%clk 00:44:20]} {[%emt
00:02:23]} hxg6 {[%clk 01:00:07]} {[%emt 00:00:22]} 16. Nf3 {[%clk 00:39:28]}
{[%emt 00:05:22]} Rac8 {[%clk 00:55:55]} {[%emt 00:04:43]} 17. Qb3 {[%clk
00:35:23]} {[%emt 00:04:34]} Rfe8 {[%clk 00:46:03]} {[%emt 00:10:22]} 18. d5
{[%clk 00:23:24]} {[%emt 00:12:29]} Nd8 {[%clk 00:42:06]} {[%emt 00:04:27]} 19.
Ng5 {[%clk 00:21:37]} {[%emt 00:02:17]} e5 {[%clk 00:40:47]} {[%emt 00:01:49]}
20. Ne4 {[%clk 00:20:32]} {[%emt 00:01:34]} Bc5 {[%clk 00:32:55]} {[%emt
00:08:23]} 21. Kh1 {[%clk 00:15:55]} {[%emt 00:05:07]} Rf8 {[%clk 00:30:29]}
{[%emt 00:02:56]} 22. Rac1 {[%clk 00:10:35]} {[%emt 00:05:51]} f5 {[%clk
00:24:02]} {[%emt 00:06:56]} 23. Ng5 {[%clk 00:09:34]} {[%emt 00:01:31]} Bd6
{[%clk 00:23:26]} {[%emt 00:01:06]} 24. Bb5 {[%clk 00:08:18]} {[%emt 00:01:47]}
Rxc1 {[%clk 00:19:31]} {[%emt 00:04:25]} 25. Rxc1 {[%clk 00:08:44]} {[%emt
00:00:03]} Qd2 {[%clk 00:19:17]} {[%emt 00:00:45]} 26. Rf1 {[%clk 00:06:08]}
{[%emt 00:03:05]} Nf7 {[%clk 00:13:24]} {[%emt 00:06:23]} 27. Nf3 {[%clk
00:06:26]} {[%emt 00:00:13]} Qa5 {[%clk 00:13:33]} {[%emt 00:00:20]} 28. Bd7
{[%clk 00:05:14]} {[%emt 00:01:42]} e4 {[%clk 00:12:37]} {[%emt 00:01:27]} 29.
Nd4 {[%clk 00:05:32]} {[%emt 00:00:12]} Ne5 {[%clk 00:10:15]} {[%emt 00:02:51]}
30. Be6+ {[%clk 00:04:57]} {[%emt 00:01:05]} Kh8 {[%clk 00:10:08]} {[%emt
00:00:37]} 31. Qd1 {[%clk 00:03:18]} {[%emt 00:02:10]} Nf7 {[%clk 00:08:27]}
{[%emt 00:02:10]} 32. a3 {[%clk 00:02:56]} {[%emt 00:00:52]} Qd8 {[%clk
00:06:35]} {[%emt 00:02:22]} 33. Qe1 {[%clk 00:01:52]} {[%emt 00:01:34]} Qg5
{[%clk 00:06:22]} {[%emt 00:00:43]} 34. Bxf5 {[%clk 00:01:19]} {[%emt
00:01:03]} Nd8 {[%clk 00:03:47]} {[%emt 00:03:05]} 35. Bxe4 {[%clk 00:00:45]}
{[%emt 00:01:05]} Rxf1+ {[%clk 00:03:14]} {[%emt 00:01:02]} 36. Qxf1 {[%clk
00:01:11]} {[%emt 00:00:04]} Qxe3 {[%clk 00:03:21]} {[%emt 00:00:23]} 37. Nb5
{[%clk 00:01:29]} {[%emt 00:00:12]} Be5 {[%clk 00:02:32]} {[%emt 00:01:19]} 38.
Bxg6 {[%clk 00:01:28]} {[%emt 00:00:31]} Bf4 {[%clk 00:02:27]} {[%emt
00:00:35]} 39. Bf5 {[%clk 00:00:53]} {[%emt 00:01:05]} Qg3 {[%clk 00:02:19]}
{[%emt 00:00:37]} 40. Qg1 {[%clk 00:01:10]} {[%emt 00:00:13]} Nf7 {[%clk
00:02:00]} {[%emt 00:00:49]} 41. Nd4 {[%clk 00:22:26]} {[%emt 00:09:14]} Nd6
{[%clk 00:19:39]} {[%emt 00:12:51]} 42. Bb1 {[%clk 00:20:33]} {[%emt 00:02:24]}
Be3 {[%clk 00:17:35]} {[%emt 00:02:34]} 43. Qd1 {[%clk 00:20:29]} {[%emt
00:00:34]} Qe5 {[%clk 00:15:43]} {[%emt 00:02:22]} 44. Qf3 {[%clk 00:13:21]}
{[%emt 00:07:38]} Kg8 {[%clk 00:14:34]} {[%emt 00:01:38]} 45. Ne6 {[%clk
00:12:22]} {[%emt 00:01:29]} Nf7 {[%clk 00:14:09]} {[%emt 00:00:55]} 46. Bg6
{[%clk 00:12:23]} {[%emt 00:00:30]} Qf6 {[%clk 00:11:33]} {[%emt 00:03:05]} 47.
Bxf7+ {[%clk 00:12:04]} {[%emt 00:00:50]} Kxf7 {[%clk 00:11:57]} {[%emt
00:00:07]} 48. Qxe3 {[%clk 00:12:17]} {[%emt 00:00:16]} 1-0